[Event "VIII Festival de Semana Santa"]
[Site "Mondariz Balneario, Pontevedra"]
[Date "2011.04.19"]
[Round "4.7"]
[White "Martins, David Pires Tavares"]
[Black "Martin Duque, Jesus"]
[Result "1-0"]
[WhiteElo "2011"]
[BlackElo "2113"]
[PlyCount "123"]
[EventDate "2011.04.16"]

1. e4 e6 2. d4 d5 3. Nd2 Nf6 4. e5 Nfd7 5. Bd3 c5 6. c3 Nc6 7. Ne2 Qb6 8. Nf3
cxd4 9. cxd4 f6 10. exf6 Nxf6 11. O-O Bd6 12. Bf4 Bxf4 13. Nxf4 O-O 14. Qd2 Bd7
15. Rfe1 Rae8 16. Rac1 Re7 17. Bb1 Rfe8 18. b3 Kh8 19. Re2 e5 20. dxe5 Nxe5 21.
Nxe5 Rxe5 22. Rxe5 Rxe5 23. Ne2 g6 24. Nd4 Kg7 25. Nf3 Re8 26. Qd4 Qxd4 27.
Nxd4 a6 28. f3 Rc8 29. Rxc8 Bxc8 30. Kf2 Kf7 31. Ke3 Ke7 32. b4 Ne8 33. Ne2 Nc7
34. h4 Ne6 35. Nd4 Bd7 36. Nxe6 Bxe6 37. a4 Kd6 38. Kd4 b6 39. a5 bxa5 40. bxa5
Bf5 41. Ba2 Be6 42. Bb3 h5 43. Bd1 Bd7 44. Be2 Bc8 45. Bd3 Kc6 46. Bxg6 Kb5 47.
Kxd5 Kxa5 48. Kc4 Be6+ 49. Kc3 Kb5 50. Bxh5 Kc5 51. Bg6 Kd5 52. Kb4 Ke5 53. g3
Kd4 54. Be4 Bf7 55. Ka5 Ke3 56. Kxa6 Bh5 57. Kb6 Kf2 58. g4 Be8 59. Kc7 Kg3 60.
h5 Bf7 61. Kd6 Kf4 62. Ke7 1-0

[Event "VIII Festival de Semana Santa"]
[Site "Mondariz Balneario, Pontevedra"]
[Date "2011.04.19"]
[Round "4.8"]
[White "Monmeneu Chulia, Vicente Juan"]
[Black "Feijoo Novoa, Carlos"]
[Result "1/2-1/2"]
[WhiteElo "1978"]
[BlackElo "2089"]
[PlyCount "61"]
[EventDate "2011.04.16"]

1. d4 Nf6 2. c4 g6 3. Nc3 Bg7 4. e4 d6 5. Nf3 O-O 6. h3 Na6 7. Bg5 h6 8. Be3 e5
9. d5 Nh5 10. Nh2 Qe8 11. Be2 Nf4 12. Bf3 f5 13. h4 Nc5 14. Bxc5 dxc5 15. g3
fxe4 16. Nxe4 Nh5 17. Nf1 Bf5 18. Nfd2 Rd8 19. Qe2 b6 20. Bg2 a5 21. a4 Qd7 22.
b3 Kh8 23. Rd1 Rde8 24. Bf3 Qf7 25. Rh2 Nf6 26. Nxf6 Bxf6 27. Be4 Be7 28. Qe3
Kg7 29. Ke2 Bd6 30. Rhh1 Be7 31. Rdg1 1/2-1/2

[Event "VIII Festival de Semana Santa"]
[Site "Mondariz Balneario, Pontevedra"]
[Date "2011.04.19"]
[Round "4.9"]
[White "Garcia Magadan, Ramon"]
[Black "Saez Gabikagogeaskoa, Oscar"]
[Result "1/2-1/2"]
[WhiteElo "2046"]
[BlackElo "1968"]
[PlyCount "100"]
[EventDate "2011.04.16"]

1. e4 c5 2. Nf3 Nc6 3. Nc3 e5 4. Bc4 Be7 5. d3 d6 6. O-O Nf6 7. Bg5 O-O 8. Bxf6
Bxf6 9. Nd5 Be6 10. c3 Bxd5 11. Bxd5 Ne7 12. Bb3 Qb6 13. Nd2 Qc7 14. Re1 g6 15.
Nf1 Bg5 16. Qg4 Bh6 17. Ne3 Bxe3 18. Rxe3 Kg7 19. Rh3 Ng8 20. Qh4 h6 21. f4 Qe7
22. Qf2 exf4 23. Qxf4 f5 24. Bxg8 g5 25. Qd2 Rxg8 26. exf5 Rae8 27. Rf3 Rgf8
28. Raf1 Rf6 29. d4 Qe4 30. dxc5 dxc5 31. h3 Re5 32. Qd7+ Re7 33. Qd3 Qe5 34.
Qc4 b6 35. h4 Qe4 36. Qxe4 Rxe4 37. hxg5 hxg5 38. Kf2 g4 39. Rd3 Rxf5+ 40. Kg1
Rxf1+ 41. Kxf1 Kf6 42. Kf2 Ke6 43. Rd8 Kf5 44. Rf8+ Kg5 45. Rb8 Re7 46. a4 Rd7
47. Rg8+ Kf5 48. Rf8+ Kg5 49. Rg8+ Kf5 50. Rf8+ Kg5 1/2-1/2

[Event "VIII Festival de Semana Santa"]
[Site "Mondariz Balneario, Pontevedra"]
[Date "2011.04.19"]
[Round "4.10"]
[White "Draghici Flutur, Gavril"]
[Black "Ruiz Abad, Juan Manuel"]
[Result "0-1"]
[WhiteElo "2126"]
[BlackElo "1895"]
[PlyCount "150"]
[EventDate "2011.04.16"]

1. e4 c5 2. Nf3 Nc6 3. Bb5 g6 4. O-O Bg7 5. Re1 e5 6. b4 cxb4 7. a3 b3 8. cxb3
Nge7 9. Bb2 Qb6 10. Bxc6 Nxc6 11. Nc3 O-O 12. Nd5 Qd8 13. b4 d6 14. Rc1 Be6 15.
d4 exd4 16. b5 Bxd5 17. exd5 Ne5 18. Nxd4 Rc8 19. Qb3 Qh4 20. h3 Rxc1 21. Rxc1
Qe4 22. f3 Qd3 23. Kh1 Qd2 24. Qc2 Qxc2 25. Rxc2 Nd3 26. Bc3 Rc8 27. Bd2 Rxc2
28. Nxc2 f5 29. Nb4 Ne5 30. Bc3 Nc4 31. Bxg7 Kxg7 32. a4 Kf6 33. f4 g5 34.
fxg5+ Kxg5 35. g3 Kf6 36. Kg2 Ke5 37. Kf3 Nb6 38. a5 Nxd5 39. a6 bxa6 40. Nc6+
Ke6 41. bxa6 Nc7 42. Nxa7 Nxa6 43. Nc6 Nc7 44. Kf4 Kf6 45. Ke3 Ne6 46. Kf3 Ng5+
47. Kg2 h5 48. h4 Nf7 49. Kf2 Ne5 50. Nd4 d5 51. Ke3 Ng6 52. Nf3 Ke6 53. Nd4+
Kf6 54. Nf3 Nf8 55. Kd4 Ke6 56. Ng5+ Kd6 57. Nf7+ Ke7 58. Ne5 Ke6 59. Nf3 Kd6
60. Ke3 Ne6 61. Kd3 Nc5+ 62. Ke3 Ne6 63. Kd3 f4 64. gxf4 Nxf4+ 65. Ke3 Ng6 66.
Kd4 Ne7 67. Ke3 Ng6 68. Kd4 Nf4 69. Ke3 Ne6 70. Kd3 Ke7 71. Ke3 Kf6 72. Nd2 Kf5
73. Kf3 Ke5 74. Ke3 Nd4 75. Kd3 Nf5 0-1

[Event "VIII Festival de Semana Santa"]
[Site "Mondariz Balneario, Pontevedra"]
[Date "2011.04.19"]
[Round "4.11"]
[White "Montes Gutierrez, Ignacio"]
[Black "Olivera Gutierrez, Albert"]
[Result "1-0"]
[WhiteElo "2201"]
[BlackElo "2073"]
[PlyCount "87"]
[EventDate "2011.04.16"]

1. Nf3 b5 2. e4 Bb7 3. e5 a6 4. d4 e6 5. a4 b4 6. c4 bxc3 7. Nxc3 d6 8. Bd3 Nd7
9. Bf4 dxe5 10. dxe5 Bb4 11. O-O Nc5 12. Be2 Qxd1 13. Rfxd1 Bxc3 14. bxc3 Ne7
15. c4 Bc6 16. a5 O-O 17. Nd4 Be4 18. f3 Bg6 19. Ra2 Rab8 20. Bc1 Nb7 21. Ba3
c5 22. Nb3 Rfc8 23. Rb2 Nc6 24. Nxc5 Nxc5 25. Rxb8 Rxb8 26. Bxc5 Rb1 27. Rxb1
Bxb1 28. Bb6 Nxe5 29. c5 Ba2 30. Bxa6 Bd5 31. Bb5 Kf8 32. f4 Nc6 33. a6 Nd4 34.
Bd7 Ke7 35. Bc8 Bc6 36. Kf2 f6 37. g3 h5 38. Ke3 e5 39. fxe5 fxe5 40. Bb7 Nf5+
41. Kd2 Kd7 42. Bxc6+ Kxc6 43. Kd3 g5 44. Ke4 1-0

[Event "VIII Festival de Semana Santa"]
[Site "Mondariz Balneario, Pontevedra"]
[Date "2011.04.19"]
[Round "4.12"]
[White "Fernandez Rey, Jorge"]
[Black "Pimienta Sanchez, Manuel"]
[Result "0-1"]
[WhiteElo "1688"]
[BlackElo "1877"]
[PlyCount "100"]
[EventDate "2011.04.16"]

1. e4 g6 2. d4 Bg7 3. Nf3 c5 4. d5 d6 5. Nbd2 Bd7 6. Nc4 b5 7. Ne3 a5 8. c4 b4
9. a3 Na6 10. Be2 bxa3 11. Rxa3 Rb8 12. Qd2 Nb4 13. O-O Nf6 14. Qc3 Nh5 15. e5
Nf4 16. Bd1 Nfd3 17. Qd2 Nxe5 18. Nxe5 Bxe5 19. f4 Bd4 20. b3 O-O 21. Bb2 Bxb2
22. Qxb2 a4 23. f5 axb3 24. Rxb3 Nd3 25. Qc3 Rxb3 26. Qxb3 Ne5 27. fxg6 fxg6
28. Bc2 Rxf1+ 29. Nxf1 Qf8 30. h4 Qf4 31. h5 gxh5 32. Qb1 Qxc4 33. Bxh7+ Kg7
34. Ne3 Qd4 35. Qe4 Qxe4 36. Bxe4 Kf6 37. Kf2 Ng4+ 38. Kf3 Nxe3 39. Kxe3 Ke5
40. g3 Bf5 41. Bf3 Bg6 42. Bg2 Bf7 43. Bf3 Bxd5 44. Bxh5 Bg8 45. Bf3 d5 46. g4
d4+ 47. Kd2 c4 48. Bd1 Kf4 49. Be2 e5 50. Bd1 e4 0-1

[Event "VIII Festival de Semana Santa"]
[Site "Mondariz Balneario, Pontevedra"]
[Date "2011.04.19"]
[Round "4.13"]
[White "Salas Rasilla, Concepcion"]
[Black "Fernandez Andrade, Antonio"]
[Result "0-1"]
[WhiteElo "1809"]
[BlackElo "1825"]
[PlyCount "70"]
[EventDate "2011.04.16"]

1. Nf3 g6 2. g3 Bg7 3. Bg2 Nf6 4. c4 O-O 5. O-O d6 6. d4 c6 7. Nc3 Nbd7 8. e4
Qc7 9. h3 e5 10. Be3 exd4 11. Nxd4 Ne5 12. b3 Rd8 13. Qc2 a6 14. Rac1 c5 15.
Nd5 Nxd5 16. cxd5 Qe7 17. Ne2 Re8 18. Rfe1 b5 19. Nf4 h5 20. Nd3 Nd7 21. Qd2
Kh7 22. e5 Nxe5 23. Nxe5 Bxe5 24. f4 Bg7 25. Bxc5 Qd7 26. Rxe8 Qxe8 27. Bxd6
Bb7 28. Rc7 Rc8 29. Rxb7 Bc3 30. Qf2 Be1 31. Qd4 Rc1 32. Kh2 Bxg3+ 33. Kxg3
Qe1+ 34. Qf2 h4+ 35. Kf3 Rc3+ 0-1

[Event "VIII Festival de Semana Santa"]
[Site "Mondariz Balneario, Pontevedra"]
[Date "2011.04.19"]
[Round "4.14"]
[White "Martins, Guilherme Pires Tava"]
[Black "Juan Morado, Miguel"]
[Result "1-0"]
[WhiteElo "1627"]
[BlackElo "1910"]
[PlyCount "109"]
[EventDate "2011.04.16"]

1. e4 Nf6 2. e5 Nd5 3. d4 d6 4. c4 Nb6 5. exd6 cxd6 6. Nc3 g6 7. Be3 Bg7 8. Rc1
O-O 9. b3 Nc6 10. Nf3 Bg4 11. Be2 d5 12. c5 Nc8 13. O-O e6 14. h3 Bxf3 15. Bxf3
Qh4 16. Ne2 N8e7 17. Qd2 h6 18. Bg4 Nf5 19. g3 Qf6 20. Bxf5 gxf5 21. Rfd1 Kh7
22. Nf4 Rg8 23. Nh5 Qg6 24. Nxg7 Rxg7 25. Bf4 h5 26. Kh2 h4 27. Rg1 hxg3+ 28.
Rxg3 Qh5 29. Rxg7+ Kxg7 30. Rg1+ Kh8 31. Qe3 Rg8 32. Be5+ Kh7 33. Rxg8 Kxg8 34.
Qg3+ Qg6 35. a3 Qxg3+ 36. Kxg3 a5 37. Kf4 Kh7 38. Kg5 Nxe5 39. dxe5 Kg7 40. b4
axb4 41. axb4 d4 42. Kf4 f6 43. exf6+ Kxf6 44. b5 e5+ 45. Kf3 Ke6 46. c6 bxc6
47. bxc6 Kd6 48. h4 Kxc6 49. h5 Kd5 50. h6 f4 51. Ke2 e4 52. h7 f3+ 53. Kd2 e3+
54. fxe3 f2 55. Ke2 1-0

[Event "VIII Festival de Semana Santa"]
[Site "Mondariz Balneario, Pontevedra"]
[Date "2011.04.19"]
[Round "4.15"]
[White "Perez Dominguez, David"]
[Black "Nunez Alonso, Juan"]
[Result "1/2-1/2"]
[WhiteElo "1791"]
[BlackElo "1681"]
[PlyCount "106"]
[EventDate "2011.04.16"]

1. e4 e5 2. Nf3 Nf6 3. Nxe5 d6 4. Nf3 Nxe4 5. Nc3 Nxc3 6. dxc3 Be7 7. Be3 Nd7
8. Qd2 O-O 9. O-O-O Nc5 10. Bc4 Be6 11. Bxe6 Nxe6 12. h4 c6 13. Kb1 d5 14. h5
Nc5 15. h6 Ne4 16. Qe1 g6 17. Nd2 Nd6 18. g4 Re8 19. Qg1 Bg5 20. f4 Be7 21. f5
Bg5 22. Bxg5 Qxg5 23. Qd4 f6 24. Nf3 Nb5 25. Nxg5 Nxd4 26. Nxh7 Kxh7 27. Rxd4
g5 28. c4 Re5 29. cxd5 cxd5 30. c4 Rd8 31. Rhd1 Kxh6 32. Rxd5 Rdxd5 33. cxd5
Kg7 34. Kc2 Kf7 35. Kc3 Re4 36. Rd4 Re2 37. Ra4 a6 38. Rc4 Ke7 39. Rc7+ Kd6 40.
Rf7 Kxd5 41. Rxf6 Rg2 42. Rf7 Rxg4 43. Rxb7 Rf4 44. Rb6 Rxf5 45. Rxa6 Rf3+ 46.
Kd2 g4 47. Ke2 Rf4 48. Ra5+ Ke6 49. a3 g3 50. Rg5 Rf2+ 51. Ke1 Rxb2 52. Rxg3
Kd5 53. Rg4 Kc5 1/2-1/2

[Event "VIII Festival de Semana Santa"]
[Site "Mondariz Balneario, Pontevedra"]
[Date "2011.04.19"]
[Round "4.16"]
[White "Llaneras Henarejos, Miguel"]
[Black "Sio Areal, Manuel"]
[Result "1-0"]
[WhiteElo "1746"]
[BlackElo "1456"]
[PlyCount "52"]
[EventDate "2011.04.16"]

1. d4 d5 2. c4 c6 3. Nf3 Nf6 4. Nc3 dxc4 5. a4 Bf5 6. Bg5 e6 7. e4 Bg6 8. e5 h6
9. Bh4 Qb6 10. exf6 Qxb2 11. Qc1 Ba3 12. fxg7 Rg8 13. Na2 Na6 14. Bxc4 Nb4 15.
Qxb2 Bxb2 16. Nxb4 Bxa1 17. O-O Bc3 18. Nd3 Rxg7 19. Nf4 Be4 20. Nh5 Rg8 21.
Nf6+ Kf8 22. Nxe4 Rg4 23. Nxc3 a6 24. h3 Rg8 25. Ne5 b5 26. Nd7+ Ke8 1-0

[Event "VIII Festival de Semana Santa"]
[Site "Mondariz Balneario, Pontevedra"]
[Date "2011.04.19"]
[Round "4.20"]
[White "Dominguez Certal, Dario"]
[Black "Pousada Gonzalez, Almudena"]
[Result "1/2-1/2"]
[WhiteElo "1529"]
[BlackElo "1742"]
[PlyCount "100"]
[EventDate "2011.04.16"]

1. d4 Nf6 2. c4 e6 3. Nc3 d5 4. cxd5 exd5 5. Nf3 Bb4 6. Bg5 h6 7. Bxf6 Qxf6 8.
e3 c6 9. Be2 Bf5 10. Rc1 Nd7 11. a3 Bd6 12. b4 a6 13. Na4 a5 14. Nc5 axb4 15.
Qb3 O-O 16. axb4 b6 17. Nd3 Rfc8 18. O-O Be4 19. b5 c5 20. dxc5 Nxc5 21. Nxc5
Bxc5 22. Qd1 Qg6 23. Ra1 Rd8 24. Ra6 Rac8 25. g3 Bxf3 26. Bxf3 d4 27. exd4 Rxd4
28. Qe2 Rcd8 29. Ra8 Qd6 30. Rxd8+ Qxd8 31. Bc6 Rd2 32. Qe8+ Qxe8 33. Bxe8 Kf8
34. Bc6 f6 35. Kg2 Kf7 36. h4 g5 37. hxg5 hxg5 38. g4 Ke6 39. Kg3 f5 40. gxf5+
Kxf5 41. Kg2 Kf4 42. Kh2 Rxf2+ 43. Rxf2+ Bxf2 44. Kg2 Bc5 45. Bb7 g4 46. Bc6
Bd6 47. Be8 Ke3 48. Bc6 Bf4 49. Bd7 g3 50. Be6 Be5 1/2-1/2

[Event "VIII Festival de Semana Santa"]
[Site "Mondariz Balneario, Pontevedra"]
[Date "2011.04.20"]
[Round "5.1"]
[White "Villar Perez, Samuel"]
[Black "Martinez Rodriguez, Pablo"]
[Result "0-1"]
[WhiteElo "2156"]
[BlackElo "2284"]
[PlyCount "40"]
[EventDate "2011.04.16"]

1. d4 Nf6 2. Nf3 c5 3. d5 b5 4. c4 b4 5. Nbd2 g6 6. e4 d6 7. Bd3 Bg7 8. O-O O-O
9. Re1 Qc7 10. Qe2 e5 11. dxe6 Bxe6 12. h3 Nc6 13. Nf1 Rfe8 14. Bf4 Nh5 15. Bh2
Nd4 16. Nxd4 Bxd4 17. Ne3 Qe7 18. f4 Qf6 19. Rf1 Bxc4 20. g4 Rxe4 0-1

[Event "VIII Festival de Semana Santa"]
[Site "Mondariz Balneario, Pontevedra"]
[Date "2011.04.20"]
[Round "5.2"]
[White "Beltran De Heredia E, Miguel"]
[Black "Gonzalez Roca, Pablo"]
[Result "0-1"]
[WhiteElo "2116"]
[BlackElo "2024"]
[PlyCount "66"]
[EventDate "2011.04.16"]

1. e4 c5 2. Ne2 d6 3. g3 Nf6 4. Bg2 Nc6 5. c3 e5 6. d4 Qc7 7. O-O Be7 8. d5 Na5
9. h3 O-O 10. g4 b5 11. b3 c4 12. b4 Nb7 13. Be3 a5 14. Qc2 Bd7 15. Nd2 Ne8 16.
Ng3 g6 17. g5 Qd8 18. h4 f6 19. gxf6 Nxf6 20. Bh6 Rf7 21. Nf3 Ng4 22. Bg5 h6
23. Bxe7 Qxe7 24. h5 Raf8 25. Qe2 gxh5 26. Nxh5 Rxf3 27. Bxf3 Qh4 28. Bxg4 Bxg4
29. f3 Bxh5 30. Rf2 Kh7 31. Raf1 Qf4 32. a3 a4 33. Qd2 Rg8+ 0-1

[Event "VIII Festival de Semana Santa"]
[Site "Mondariz Balneario, Pontevedra"]
[Date "2011.04.20"]
[Round "5.3"]
[White "Renteria, Jorge"]
[Black "Martins, David Pires Tavares"]
[Result "1-0"]
[WhiteElo "2292"]
[BlackElo "2011"]
[PlyCount "73"]
[EventDate "2011.04.16"]

1. e4 e6 2. d4 d5 3. Nc3 Bb4 4. a3 Bxc3+ 5. bxc3 dxe4 6. Qg4 Nf6 7. Qxg7 Rg8 8.
Qh6 Nbd7 9. Bb2 Nb6 10. Nh3 Na4 11. Bb5+ Bd7 12. Bxa4 Bxa4 13. O-O-O Qe7 14.
Rhg1 O-O-O 15. Qe3 Bb5 16. Rde1 Bc4 17. g4 Nxg4 18. Qxe4 Qh4 19. Rg3 Qh6+ 20.
Kb1 f5 21. Qg2 Qd2 22. Qg1 f4 23. Bc1 Qxe1 24. Qxe1 fxg3 25. hxg3 Rdf8 26. Bf4
Kd7 27. Kc1 Rf5 28. f3 Nf6 29. g4 Ra5 30. Qh4 Rf8 31. Be5 Nd5 32. Qxh7+ Kc6 33.
f4 Rxa3 34. Qg7 Rc8 35. Ng5 Nxc3 36. Qe7 Ra5 37. d5+ 1-0

[Event "VIII Festival de Semana Santa"]
[Site "Mondariz Balneario, Pontevedra"]
[Date "2011.04.20"]
[Round "5.4"]
[White "Ruiz Abad, Juan Manuel"]
[Black "Clemente Llamero, Roberto"]
[Result "0-1"]
[WhiteElo "1895"]
[BlackElo "2114"]
[PlyCount "53"]
[EventDate "2011.04.16"]

1. e4 c6 2. d4 d5 3. e5 Bf5 4. Nf3 e6 5. Be2 Nd7 6. O-O h6 7. Be3 Ne7 8. Nh4
Bh7 9. f4 Qb6 10. b3 Nf5 11. Nxf5 Bxf5 12. Bd3 Bxd3 13. Qxd3 g6 14. c4 Qa6 15.
Qc2 dxc4 16. bxc4 Nb6 17. Nd2 O-O-O 18. Rab1 Be7 19. Rxb6 axb6 20. Rb1 Rd7 21.
Ne4 Rhd8 22. Qf2 Qxc4 23. Rc1 Qd3 24. Nc3 Rxd4 25. Bxd4 Rxd4 26. h3 Bc5 27. Kh1
0-1

[Event "VIII Festival de Semana Santa"]
[Site "Mondariz Balneario, Pontevedra"]
[Date "2011.04.20"]
[Round "5.5"]
[White "Lorenzo Duran, Marcos"]
[Black "Montes Gutierrez, Ignacio"]
[Result "0-1"]
[WhiteElo "2140"]
[BlackElo "2201"]
[PlyCount "62"]
[EventDate "2011.04.16"]

1. e4 d5 2. exd5 Qxd5 3. Nc3 Qa5 4. d4 Nf6 5. Nf3 Ne4 6. Bd3 Nxc3 7. bxc3 g6 8.
O-O Bg7 9. Re1 O-O 10. Bf4 Nc6 11. Qd2 Be6 12. Rab1 Bd5 13. Ng5 f6 14. Ne6 Bxe6
15. Rxe6 Qxa2 16. Qe1 Rfe8 17. Rxb7 Ne5 18. c4 Rab8 19. Be4 Rxb7 20. Bxb7 Qxc4
21. Qe4 Rd8 22. Rxe5 fxe5 23. Bxe5 Bxe5 24. Qxe5 Qxd4 25. Qe6+ Kf8 26. g3 a5
27. c4 Qf6 28. Qh3 Rd1+ 29. Kg2 Kg7 30. Bf3 Rd2 31. Qc8 Qd4 0-1

[Event "VIII Festival de Semana Santa"]
[Site "Mondariz Balneario, Pontevedra"]
[Date "2011.04.20"]
[Round "5.6"]
[White "Saez Gabikagogeaskoa, Oscar"]
[Black "Montanes Arribas, Adrian"]
[Result "0-1"]
[WhiteElo "1968"]
[BlackElo "2160"]
[PlyCount "100"]
[EventDate "2011.04.16"]

1. e4 c5 2. c3 Nf6 3. e5 Nd5 4. d4 cxd4 5. Qxd4 e6 6. Nf3 Nc6 7. Qe4 f5 8. Qe2
Qc7 9. g3 d6 10. exd6 Bxd6 11. Bg2 O-O 12. O-O Nf6 13. Nbd2 e5 14. Nc4 e4 15.
Ng5 h6 16. Nxd6 Qxd6 17. Nh3 g5 18. f3 exf3 19. Qxf3 Ne5 20. Qd1 Qb6+ 21. Qd4
Qxd4+ 22. cxd4 Nd3 23. Bd2 Nxb2 24. Bc3 Nc4 25. Rfe1 Kf7 26. Rab1 Rb8 27. Nf2
b6 28. Bf1 Nd6 29. Bb4 Rd8 30. Rbc1 Nde4 31. Nd3 Nd7 32. Rc7 Rb7 33. Ne5+ Ke8
34. Rec1 Nxe5 35. dxe5 Nc5 36. Bb5+ Bd7 37. Rxb7 Nxb7 38. Rc7 a5 39. Ba3 Nc5
40. Bc4 Rc8 41. Ra7 b5 42. e6 bxc4 43. exd7+ Nxd7 44. Rxa5 c3 45. Rxf5 Ra8 46.
Bd6 Rxa2 47. Rf1 Nb6 48. Rc1 c2 49. Kf1 Nc4 50. Bb4 Rb2 0-1

[Event "VIII Festival de Semana Santa"]
[Site "Mondariz Balneario, Pontevedra"]
[Date "2011.04.20"]
[Round "5.7"]
[White "Feijoo Novoa, Carlos"]
[Black "Garcia Magadan, Ramon"]
[Result "1-0"]
[WhiteElo "2089"]
[BlackElo "2046"]
[PlyCount "81"]
[EventDate "2011.04.16"]

1. d4 d5 2. e4 dxe4 3. Nc3 Nf6 4. f3 e3 5. Bxe3 Bf5 6. Qd2 e6 7. g4 Bg6 8. Nge2
Bb4 9. Nf4 Nd5 10. Nfxd5 Qxd5 11. Nxd5 Bxd2+ 12. Kxd2 exd5 13. Re1 O-O 14. h4
h6 15. h5 Bh7 16. Bh3 Nc6 17. c3 Nd8 18. g5 hxg5 19. Bxg5 Ne6 20. Be3 Rfe8 21.
h6 g6 22. Rhg1 f6 23. Bxe6+ Rxe6 24. Bf4 Rae8 25. Bxc7 Rxe1 26. Rxe1 Rxe1 27.
Kxe1 g5 28. Bd6 Kf7 29. a4 a6 30. a5 Ke6 31. Bf8 f5 32. Kf2 f4 33. Bg7 Kd6 34.
Bf6 Kc6 35. Bxg5 Kb5 36. Bxf4 Kxa5 37. Bd6 Ka4 38. Ke3 Kb3 39. Ba3 a5 40. Kf4
b5 41. Ke5 1-0

[Event "VIII Festival de Semana Santa"]
[Site "Mondariz Balneario, Pontevedra"]
[Date "2011.04.20"]
[Round "5.8"]
[White "Fernandez Andrade, Antonio"]
[Black "Monmeneu Chulia, Vicente Juan"]
[Result "1/2-1/2"]
[WhiteElo "1825"]
[BlackElo "1978"]
[PlyCount "79"]
[EventDate "2011.04.16"]

1. d4 Nf6 2. Nf3 g6 3. e3 Bg7 4. b3 O-O 5. Bb2 d6 6. Be2 Nbd7 7. Nc3 e5 8. dxe5
dxe5 9. Qd2 e4 10. Ng5 h6 11. Nh3 Ne5 12. O-O-O Bf5 13. Qxd8 Rfxd8 14. Nb5 Ne8
15. Nd4 Bg4 16. f3 exf3 17. Nxf3 Nc6 18. Nf2 Be6 19. Ne4 Bxb2+ 20. Kxb2 Rxd1
21. Rxd1 Rd8 22. Nd4 Nxd4 23. exd4 Bd5 24. Bf3 f5 25. Nd2 Nf6 26. c4 Bxf3 27.
Nxf3 Ne4 28. Kc2 Kg7 29. d5 Kf6 30. Nd4 g5 31. Nb5 c6 32. dxc6 Rxd1 33. c7 Rd2+
34. Kc1 a6 35. c8=Q axb5 36. cxb5 Rxg2 37. Qh8+ Kg6 38. Qe8+ Kf6 39. Qf8+ Kg6
40. Qe8+ 1/2-1/2

[Event "VIII Festival de Semana Santa"]
[Site "Mondariz Balneario, Pontevedra"]
[Date "2011.04.20"]
[Round "5.9"]
[White "Pimienta Sanchez, Manuel"]
[Black "Ballesteros Galvez, Daniel"]
[Result "1-0"]
[WhiteElo "1877"]
[BlackElo "1683"]
[PlyCount "175"]
[EventDate "2011.04.16"]

1. d4 d5 2. c4 e6 3. Nc3 Nf6 4. Nf3 c6 5. e3 Bd6 6. c5 Be7 7. b4 Nbd7 8. a4 a6
9. Bb2 O-O 10. Be2 Re8 11. Qc2 Nf8 12. O-O Ng6 13. b5 a5 14. Nd2 e5 15. Nb3
exd4 16. exd4 Nf4 17. Bf3 Bf8 18. b6 Bg4 19. Bxg4 Nxg4 20. Bc1 Qg5 21. Kh1 Qg6
22. Qxg6 Nxg6 23. Bd2 Be7 24. h3 Nh6 25. Rfe1 Nf5 26. Ne2 Bf6 27. Bc3 Re4 28.
Rad1 Rae8 29. Ng1 Rxe1 30. Bxe1 Nxd4 31. Nxa5 Re7 32. Bc3 Ne6 33. Bxf6 gxf6 34.
Nb3 Ne5 35. a5 Nd7 36. Rc1 Nb8 37. Nf3 Na6 38. Nh4 Ng7 39. Rc3 Re4 40. Nf3 Ne6
41. g3 Rc4 42. Re3 Naxc5 43. Nxc5 Nxc5 44. Re8+ Kg7 45. Nh4 Ra4 46. Ra8 d4 47.
Nf5+ Kg6 48. Ne7+ Kh6 49. g4 Kg5 50. Kg2 d3 51. Kg3 Ne4+ 52. Kf3 d2 53. h4+
Kxh4 54. Nf5+ Kh3 55. Ne3 Nc3 56. a6 Re4 57. Rd8 bxa6 58. b7 Rb4 59. b8=Q Rxb8
60. Rxb8 d1=Q+ 61. Nxd1 Nxd1 62. Rh8 Kh4 63. Rxh7+ Kg5 64. Rh5+ Kg6 65. Rc5 Nb2
66. Rxc6 a5 67. Rc2 Nd3 68. Ra2 Ne5+ 69. Kg3 Nc4 70. Ra4 Nd2 71. Rxa5 Ne4+ 72.
Kg2 Ng5 73. f3 Ne6 74. Kg3 Nd4 75. Ra4 Ne6 76. Ra8 Nd4 77. f4 Nc6 78. Ra6 Nb8
79. Rd6 Kg7 80. Kf3 f5 81. gxf5 f6 82. Ke4 Kf7 83. Kd5 Ke7 84. Re6+ Kf7 85. Rb6
Nd7 86. Rb7 Ke8 87. Ra7 Ke7 88. Kc6 1-0

[Event "VIII Festival de Semana Santa"]
[Site "Mondariz Balneario, Pontevedra"]
[Date "2011.04.20"]
[Round "5.10"]
[White "Blanco Montes, Jorge"]
[Black "Fernandez De Pablo, Miguel A"]
[Result "0-1"]
[WhiteElo "1733"]
[BlackElo "2160"]
[PlyCount "36"]
[EventDate "2011.04.16"]

1. e4 c5 2. Nf3 e6 3. d4 cxd4 4. Nxd4 a6 5. Nc3 Qc7 6. Be3 Bb4 7. Qd2 Nf6 8. f3
d5 9. exd5 Nxd5 10. Nde2 O-O 11. O-O-O b5 12. a3 Nxe3 13. Qxe3 Bc5 14. Qd2 Nc6
15. Ne4 Be7 16. Qf4 Qxf4+ 17. Nxf4 f5 18. Nd6 Bg5 0-1

[Event "VIII Festival de Semana Santa"]
[Site "Mondariz Balneario, Pontevedra"]
[Date "2011.04.20"]
[Round "5.11"]
[White "Martin Duque, Jesus"]
[Black "Llaneras Henarejos, Miguel"]
[Result "1-0"]
[WhiteElo "2113"]
[BlackElo "1746"]
[PlyCount "93"]
[EventDate "2011.04.16"]

1. e4 g6 2. d4 Bg7 3. Nc3 d6 4. Be3 a6 5. Qd2 b5 6. a4 b4 7. Nd1 Bb7 8. f3 a5
9. c3 Na6 10. Bxa6 bxc3 11. Bb5+ c6 12. Nxc3 cxb5 13. Nxb5 Nf6 14. Ne2 O-O 15.
O-O Nd7 16. Bh6 Qb6 17. Bxg7 Kxg7 18. Kh1 Nb8 19. b4 axb4 20. Qxb4 Nc6 21. Qb2
Na5 22. Rfc1 d5 23. exd5 Bxd5 24. Nf4 Rfd8 25. Nxd5 Rxd5 26. Rab1 Rad8 27. Qc3
Rh5 28. Qc7 Qxc7 29. Rxc7 e6 30. g4 Rhd5 31. Kg2 Rb8 32. Re1 Rb6 33. Re5 Rd8
34. Nd6 Rb2+ 35. Kg3 Rxd6 36. Rxa5 Rxd4 37. Raa7 Kf6 38. Rxf7+ Ke5 39. Rxh7
Rdd2 40. Ra5+ Kd6 41. Ra6+ Ke5 42. f4+ Kf6 43. g5+ Kf5 44. Rf7+ Ke4 45. Rxe6+
Kd5 46. Re5+ Kc4 47. Rc7+ 1-0

[Event "VIII Festival de Semana Santa"]
[Site "Mondariz Balneario, Pontevedra"]
[Date "2011.04.20"]
[Round "5.12"]
[White "Blanco Dans, Manuel"]
[Black "Madurga Lopez, Ignacio"]
[Result "0-1"]
[WhiteElo "1690"]
[BlackElo "2017"]
[PlyCount "76"]
[EventDate "2011.04.16"]

1. e4 c5 2. Nf3 d6 3. c3 Nf6 4. h3 Nbd7 5. Bd3 b6 6. O-O Bb7 7. Re1 Rc8 8. Na3
a6 9. Qe2 b5 10. Bb1 c4 11. b4 cxb3 12. d4 bxa2 13. Rxa2 g6 14. e5 Rxc3 15.
exf6 Nxf6 16. Bg5 Bg7 17. Bd3 O-O 18. Nb1 Rc7 19. Nbd2 Nd5 20. Rc2 h6 21. Rxc7
Qxc7 22. Be3 Nc3 23. Qf1 e5 24. dxe5 dxe5 25. Bb1 Bd5 26. g3 a5 27. Kh1 Qb7 28.
Kg2 Rd8 29. Rc1 b4 30. h4 a4 31. Qh1 a3 32. h5 g5 33. Bf5 Bc6 34. Bg4 f5 35.
Bxg5 hxg5 36. h6 fxg4 37. hxg7 Bxf3+ 38. Nxf3 Qxf3+ 0-1

[Event "VIII Festival de Semana Santa"]
[Site "Mondariz Balneario, Pontevedra"]
[Date "2011.04.20"]
[Round "5.13"]
[White "Ruiz Martinez, Isidro"]
[Black "Picazo Gonzalez, Ana"]
[Result "1-0"]
[WhiteElo "1989"]
[BlackElo "1722"]
[PlyCount "77"]
[EventDate "2011.04.16"]

1. Nf3 d5 2. g3 e6 3. Bg2 c5 4. c4 Nc6 5. O-O Nf6 6. cxd5 exd5 7. d4 Be7 8. Nc3
O-O 9. Be3 cxd4 10. Nxd4 Re8 11. h3 h6 12. Qd2 Bf8 13. Rac1 a6 14. Rfd1 Ne5 15.
b3 Bb4 16. Nc2 Ba5 17. Bf4 Nc6 18. a3 Ne4 19. Bxe4 dxe4 20. Qxd8 Bxd8 21. g4 f5
22. gxf5 Bxf5 23. Kg2 g5 24. Bg3 Bf6 25. Ne3 Bg6 26. Rd6 Kf7 27. Ncd5 Be5 28.
Rd7+ Kf8 29. Rxb7 Na5 30. Rb6 Bf7 31. Rc5 Bd4 32. Rxa5 Bxb6 33. Nxb6 Rad8 34.
Nbd5 h5 35. Rc5 Kg7 36. Nc7 Rf8 37. Be5+ Kg8 38. Bf6 Rc8 39. Rxg5+ 1-0